000 00368nam a2200145Ia 4500
008 230917s9999||||xx |||||||||||||| ||und||
040 _e195361
_aMAIN
041 _aEnglish
082 _a647.940681 D362H
100 _aDe Franco, Agnes L
245 0 _aHospitality financial management
260 _aHoboken
_bJohn Wiley
_c2007
300 _axi, 368 p.
942 _cBK
999 _c165001
_d165001